La enseñanza de las ciencias físico-químicas y naturales
Gespeichert in:
| 1. Verfasser: | |
|---|---|
| Format: | Buch |
| Sprache: | Spanisch |
| Erschienen: |
[S.l.] :
Ediciones de la Lectura,
1917
|
| Katalog: | MANES: Suchergebnis im Bibliothekskatalog |
| Schulbuchspezifische Eigenschaften: |
|
| Schriftenreihe: | Ciencia y Educación. Metodología
|
| Tags: |
Tag hinzufügen
Keine Tags, Fügen Sie den ersten Tag hinzu!
|
| Hinzugefügt zu: | 22.01.1998 |
| Geändert in: | 07.05.2025 |
MARC
| LEADER | 00000cam a2200000 4500 | ||
|---|---|---|---|
| 005 | 20250507134404.0 | ||
| 008 | 980123s1917 esp spa | ||
| 040 | |a uned |b spa |c entro-manes | ||
| 100 | 1 | |a Lozano, Edmundo |9 20781 | |
| 245 | 1 | 3 | |a La enseñanza de las ciencias físico-químicas y naturales / |c por Edmundo Lozano |
| 260 | |a [S.l.] : |b Ediciones de la Lectura, |c 1917 | ||
| 300 | |a 173 p. : |b il | ||
| 490 | 0 | |a Ciencia y Educación. Metodología | |
| 546 | |a España | ||
| 561 | |5 es-BUNED |3 L.T. 2723 |a España. Fondo Manes UNED |k MANES | ||
| 690 | 0 | |a FQ |a CN | |
| 942 | |2 ddc |c BK | ||
| 999 | |c 93313 |d 93313 | ||
| 999 | |c manes:93313 |d 93313 | ||